Airlines That Fly to London Heathrow - Statistics

General Stats
  • This quiz has been taken 840 times
  • The average score is 51 of 82
Answer Stats
Airline % Correct
British Airways
93%
American Airlines
92%
Emirates
92%
Air China
90%
Air France
90%
Delta Air Lines
89%
United Airlines
89%
Lufthansa
88%
Qantas
87%
Air Canada
85%
KLM
85%
Air India
84%
Qatar Airways
84%
Aeroflot
83%
Iberia
83%
Aer Lingus
82%
Etihad Airways
82%
Japan Airlines
80%
Singapore Airlines
80%
Scandinavian Airlines
78%
Virgin Atlantic
78%
Thai Airways
77%
Turkish Airlines
77%
China Southern Airlines
76%
Pakistan International Airlines
76%
Swiss International Air Lines
76%
TAP Air Portugal
76%
Finnair
74%
Alitalia
73%
China Eastern Airlines
73%
LOT Polish Airlines
73%
All Nippon Airways
72%
South African Airways
71%
AeroMexico
70%
LATAM Brasil
70%
Malaysia Airlines
70%
Korean Air
69%
Austrian Airlines
68%
Brussels Airlines
67%
Cathay Pacific
67%
EgyptAir
67%
Air New Zealand
66%
Saudia
66%
Aegean Airlines
64%
El Al
63%
Royal Air Maroc
61%
Royal Jordanian
61%
Icelandair
60%
Asiana Airlines
57%
Avianca
57%
Oman Air
57%
Vietnam Airlines
57%
EVA Air
55%
Garuda Indonesia
54%
Gulf Air
51%
Croatia Airlines
50%
Eurowings
48%
Ethiopian Airlines
47%
Philippine Airlines
47%
Air Serbia
46%
Kenya Airways
46%
Air Malta
43%
Air Algerie
41%
Air Astana
41%
Iran Air
41%
TAROM
41%
Vueling
41%
Hainan Airlines
40%
Kuwait Airways
40%
Uzbekistan Airways
40%
Air Mauritius
39%
Azerbaijan Airlines
39%
Royal Brunei Airlines
39%
Middle East Airlines
38%
SriLankan Airlines
38%
Tunisair
38%
Bulgaria Air
37%
Flybe
35%
Biman Bangladesh Airlines
34%
Shenzhen Airlines
20%
Beijing Capital Airlines
18%
Tianjin Airlines
17%
No matching quizzes found
Score Distribution
Percent of People with Each Score
Percentile by Number Answered
Your Score History
You have not taken this quiz